书目信息 |
| 题名: |
港澳知识手册
|
|
| 作者: | ;中华儿女杂志社 编 | |
| 分册: | ||
| 出版信息: | 北京 昆仑出版社 1996 |
|
| 页数: | 392页 | |
| 开本: | 19cm | |
| 丛书名: | ||
| 单 册: | ||
| 中图分类: | D625.658-62 | |
| 科图分类: | ||
| 主题词: | 人民政府--中国--香港--手册 , 人民政府--中国--澳门--手册 | |
| 电子资源: | ||
| ISBN: | 7-80040-253-3 | |
| 000 | 00650nam0 2200217 45 | |
| 001 | 0197026032 | |
| 005 | 20070720075906.06 | |
| 010 | @a7-80040-253-3@dCNY15.00 | |
| 100 | @a19970901d1996 em y0chiy0121 ea | |
| 101 | 0 | @achi |
| 102 | @aCN@b110000 | |
| 105 | @ay zr 000yy | |
| 200 | 10 | @a港澳知识手册@Agang ao zhi shi shou ce@f中华儿女杂志社编@FZhong Hua Er Nu Za Zhi She Bian |
| 210 | @a北京@c昆仑出版社@d1996 | |
| 215 | @a392页@d19cm | |
| 606 | @a人民政府@x中国@y香港@x手册 | |
| 606 | @a人民政府@x中国@y澳门@x手册 | |
| 690 | @aD625.658-62@v3 | |
| 711 | 02 | @a中华儿女杂志社@4编 |
| 801 | 0 | @aCN@bNLC@c20070720 |
| 905 | @dD625.658-62@e16@f1@b274069 | |
| 港澳知识手册/中华儿女杂志社编.-北京:昆仑出版社,1996 |
| 392页;19cm |
| ISBN 7-80040-253-3:CNY15.00 |
| ● |
| 相关链接 |
|
|
|
|
正题名:港澳知识手册
索取号:D625.658-62/16
 
预约/预借
| 序号 | 登录号 | 条形码 | 馆藏地/架位号 | 状态 | 备注 |
| 1 | 0274069 | 001440328 | 第一样本阅览室/ [索取号:D625.658-62/16] | 在馆 | |
| 2 | 0274070 | 000486281 | 第一借阅区/ [索取号:D625.658-62/16] | 在馆 | |
| 3 | 0274071 | 002032623 | 第一借阅区/ [索取号:D625.658-62/16] | 在馆 | |
| 4 | 0274072 | 002032589 | 第一借阅区/ [索取号:D625.658-62/16] | 在馆 | |
| 5 | 0274073 | 000486307 | 第一借阅区/ [索取号:D625.658-62/16] | 在馆 | |
| 6 | 0494111 | 204941117 | 密集书库/ [索取号:D625.658-62/16] | 在馆 | |
| 7 | 0765651 | 207656516 | 第一借阅区/ [索取号:D625.658-62/16] | 在馆 | |
| 8 | 0769378 | 207693780 | 密集书库/ [索取号:D625.658-62/16] | 在馆 | |
| 9 | 0769605 | 207696055 | 密集书库/ [索取号:D625.658-62/16] | 在馆 |